Vpravo, nebo vlevo

Voľby 2010 v Česku. Boj politických strán, sľuby volebných lídrov.

Na minha lista:
Detalhes bibliográficos
Autor principal: Pozlovský, Jindřich
Outros Autores: Ondráčková, Kamila
Formato: Capítulo de Livro
Idioma:tcheco
Assuntos:
Tags: Adicionar Tag
Sem tags, seja o primeiro a adicionar uma tag!

MARC

LEADER 00000naa$a2200000$$$4500
001 0114052
005 20230804111942.2
041 0 |a cze 
044 |a CZ 
245 1 0 |a Vpravo, nebo vlevo  |c Jindřich Pozlovský, Kamila Ondráčková 
520 |a Voľby 2010 v Česku. Boj politických strán, sľuby volebných lídrov. 
610 2 0 |a voľby 
610 2 0 |a kampane volebné 
610 2 0 |a lídri 
610 2 0 |a Česko 
100 1 |a Pozlovský, Jindřich 
700 1 |a Ondráčková, Kamila